Statistics for NHL Hockey Team Goal Leaders

Click here to take the quiz!

General Stats

  • This quiz has been taken 25,824 times
    (8,194 since last reset)
  • The average score is 16 of 32

Answer Stats

TeamGoalsPlayer% Correct
Capitals822Alex Ovechkin
94%
Oilers583Wayne Gretzky
93%
Penguins690Mario Lemieux
86%
Red Wings786Gordie Howe
76%
Lightning515Steven Stamkos
74%
Avalanche/Nordiques625Joe Sakic
67%
Blackhawks604Bobby Hull
66%
Blues527Brett Hull
66%
Ducks457Teemu Selänne
64%
Canadiens544Maurice Richard
57%
Stars557Mike Modano
56%
Canucks393Daniel Sedin
54%
Islanders573Mike Bossy
53%
Panthers243Aleksander Barkov
51%
Flames525Jarome Iginla
51%
Predators239Filip Forsberg
49%
Senators426Daniel Alfredsson
47%
Maple Leafs420Mats Sundin
46%
Sharks508Patrick Marleau
46%
Blue Jackets289Rick Nash
44%
Kings557Luc Robitaille
42%
Coyotes402Shane Doan
41%
Jets (new)/Thrashers328Ilya Kovalchuk
37%
Golden Knights150Jonathan Marchessault
37%
Kraken67Jared McCann
31%
Devils408Patrik Eliáš
29%
Hurricanes/Whalers382Ron Francis
29%
Wild219Marián Gáborík
22%
Sabres512Gilbert Perreault
21%
Bruins545John Bucyk
20%
Rangers406Rod Gilbert
14%
Flyers420Bill Barber
11%

Score Distribution

Percentile by Number Answered

Percent of People with Each Score

Your Score History

You have not taken this quiz since the last reset